[Event "NED-ch U13 Girls"]
[Site "Rijswijk"]
[Date "2005.05.05"]
[Round "1"]
[White "Ghisai, Lucia"]
[Black "Schakel, Milly"]
[Result "0-1"]
[WhiteElo "1103"]
[BlackElo "1575"]
[PlyCount "54"]
[EventDate "2005.05.05"]
[EventType "swiss"]
[EventRounds "9"]
[EventCountry "NED"]
[SourceTitle "EXT 2013"]
[Source "ChessBase"]
[SourceDate "2012.11.22"]
[SourceVersion "1"]
[SourceVersionDate "2012.11.22"]
[SourceQuality "1"]

1. e4 Nf6 2. Nc3 d5 3. e5 Ne4 4. Nge2 Bf5 5. d3 Nxc3 6. Nxc3 Nc6 7. Bf4 e6 8. d4 Nb4 9. Bd3 Bxd3 10. cxd3 Be7 11. 0-0 0-0 12. Qg4 Kh8 13. Rad1 Rc8 14. a3 Nc6 15. Be3 f5 16. Qg3 Bh4 17. Qf4 g5 18. Qf3 f4 19. Bd2 Nxd4 20. Qg4 Qe8 21. Rde1 Qg6 22. g3 fxg3 23. Qxd4 gxf2+ 24. Kh1 fxe1Q 25. Bxe1 Rxf1+ 26. Kg2 Qf5 27. Bxh4 Qf3# 0-1